Chuối và đu đủ
Giống chuối, kỹ thuật trồng chuối. Giống đu đủ, kỹ thuật trồng đu đủ. Nội dung sách giúp bà con nông dân trong việc trồng trái cây: Chuối và đu đủ.
Spremljeno u:
| Glavni autor: | |
|---|---|
| Format: | Knjiga |
| Jezik: | Undetermined |
| Izdano: |
Hà Nội
Nông nghiệp
2009
|
| Teme: | |
| Oznake: |
Dodaj oznaku
Bez oznaka, Budi prvi tko označuje ovaj zapis!
|
| Thư viện lưu trữ: | Trung tâm Học liệu Trường Đại học Cần Thơ |
|---|
| LEADER | 00794nam a2200205Ia 4500 | ||
|---|---|---|---|
| 001 | CTU_159870 | ||
| 008 | 210402s9999 xx 000 0 und d | ||
| 020 | |c 13600 | ||
| 082 | |a 634.772 | ||
| 082 | |b L504 | ||
| 100 | |a Nguyễn, Văn Luật | ||
| 245 | 0 | |a Chuối và đu đủ | |
| 245 | 0 | |c Nguyễn Văn Luật | |
| 260 | |a Hà Nội | ||
| 260 | |b Nông nghiệp | ||
| 260 | |c 2009 | ||
| 520 | |a Giống chuối, kỹ thuật trồng chuối. Giống đu đủ, kỹ thuật trồng đu đủ. Nội dung sách giúp bà con nông dân trong việc trồng trái cây: Chuối và đu đủ. | ||
| 650 | |a Bananas,Papaya,Chuối,Đu đủ | ||
| 904 | |i Dung, Thầy Giang | ||
| 980 | |a Trung tâm Học liệu Trường Đại học Cần Thơ | ||